Qualitative research in psychology: Expanding perspectives in methodology and design (Record no. 395417)

MARC details
000 -LEADER
fixed length control field 00614 a2200205 4500
005 - DATE & TIME
control field 20260129104551.0
008 - FIXED-LENGTH DATA ELEMENTS--GENERAL INFORMATION
fixed length control field 260128b |||||||| |||| 00| 0 eng d
020 ## - ISBN
International Standard Book Number 9781433834455
Price $ 76.99
040 ## - CATALOGING SOURCE
Original cataloging agency VIVEKANANDA LIBRARY
082 ## - DDC NUMBER
Classification number 150.72
Book Number C146Q
100 ## - MAIN ENTRY--PERSONAL NAME
Personal name Camic, Paul M, ed
245 ## - TITLE STATEMENT
Title Qualitative research in psychology: Expanding perspectives in methodology and design
250 ## - EDITION STATEMENT
Edition statement 2nd
260 ## - PUBLICATION, DISTRIBUTION, ETC. (IMPRINT)
Name of publisher, distributor, etc American Psychological Association
Date of publication, distribution, etc 2021
Place of publication, distribution, etc Washington
300 ## - PHYSICAL DESCRIPTION
Pages xiii, 323
650 ## - Subject
Subject Psychology
650 ## - Subject
Subject Qualitative Research
650 ## - Subject
Subject Research Methods - Psychology
942 ## - ADDED ENTRY ELEMENTS (KOHA)
Koha item type Books
Holdings
Withdrawn status Lost status Source of classification or shelving scheme Damaged status Not for loan Location (home branch) Sublocation or collection (holding branch) Shelving location Date acquired Koha issues (times borrowed) Koha full call number Accession No. Koha date last seen Koha item type
    Dewey Decimal Classification     VIVEKANANDA LIBRARY VIVEKANANDA LIBRARY Vivekananda Library 22/12/2025   150.72 C146Q 443772 22/12/2025 Books
© Designed and Maintained by Vivekananda Library, MDU Rohtak